000 01537cam a2200385 a 4500
001 3489599
005 20260429135523.0
008 941216s1995 nyuab b 001 0 eng
035 _a3489599
906 _a7
_bcbc
_corignew
_d1
_eocip
_f19
_gy-gencatlg
010 _a 94048786
020 _a0810927284
020 _a9780810927285
035 _9(DLC) 94048786
040 _aDLC
_cDLC
_dDLC
043 _aen-----
050 0 0 _aN6370
_b.H26 1995
082 0 0 _a709/.02/4
_220
100 1 _aHarbison, Craig.
_915823
245 1 4 _aThe mirror of the artist :
_bnorthern Renaissance art in its historical context /
_cCraig Harbison.
260 _aNew York, N.Y. :
_bHarry N. Abrams Inc., Publishers,
_c1995.
300 _a176 p. :
_bill. (chiefly col.), map ;
_c24 cm.
336 _atext
_btxt
_2rdacontent
337 _aunmediated
_bn
_2rdamedia
338 _avolume
_bnc
_2rdacarrier
490 1 _aPerspectives
504 _aIncludes bibliographical references (p. 170-172) and index.
650 0 _aArt, Renaissance
_zEurope, Northern.
_915824
650 0 _aArt, European.
_912596
830 0 _aPerspectives (Harry N. Abrams, Inc.)
_915825
920 _a** LC HAS REQ'D # OF SHELF COPIES **
991 _bc-GenColl
_hN6370
_i.H26 1995
_p00033880157
_tCopy 1
_wBOOKS
999 f f _id8c6f107-3bc6-534c-a248-db8539d408a4
_sc8162614-6016-4d45-9609-e6633449d2f9
_c5863
_d5863